[Event "Sautron Retif op 0405"]
[Site "Sautron"]
[Date "2004.12.11"]
[Round "4"]
[White "Guihal, Patrick"]
[Black "Riot, Benjamin"]
[Result "1-0"]
[WhiteElo "1700"]
[BlackElo "1499"]
[PlyCount "41"]
[EventDate "2004.10.16"]
[EventType "swiss"]
[EventRounds "7"]
[EventCountry "FRA"]
[SourceTitle "EXT 2007"]
[Source "ChessBase"]
[SourceDate "2006.11.23"]
[SourceVersion "1"]
[SourceVersionDate "2006.11.23"]
[SourceQuality "1"]

1. e4 e5 2. Nf3 d6 3. Nc3 c6 4. Bc4 Be6 5. Bxe6 fxe6 6. d4 Nd7 7. d5 exd5 8. exd5 Ngf6 9. 0-0 Be7 10. Ng5 Nc5 11. b4 Nxd5 12. Nxd5 cxd5 13. bxc5 Bxg5 14. Qh5+ g6 15. Qxg5 Kf7 16. cxd6 Qxd6 17. Bb2 d4 18. f4 Qb6 19. fxe5+ Kg7 20. Qe7+ Kh6 21. Bc1+ 1-0

[Event "Sautron Retif op 0405"]
[Site "Sautron"]
[Date "2004.11.27"]
[Round "3"]
[White "Lembeye, Michel"]
[Black "Guihal, Patrick"]
[Result "1-0"]
[WhiteElo "1960"]
[BlackElo "1700"]
[PlyCount "63"]
[EventDate "2004.10.16"]
[EventType "swiss"]
[EventRounds "7"]
[EventCountry "FRA"]
[SourceTitle "EXT 2007"]
[Source "ChessBase"]
[SourceDate "2006.11.23"]
[SourceVersion "1"]
[SourceVersionDate "2006.11.23"]
[SourceQuality "1"]

1. Nc3 c5 2. Nf3 Nf6 3. d4 cxd4 4. Nxd4 e6 5. Bg5 Be7 6. Qd2 a6 7. e4 d6 8. Be2 Nbd7 9. 0-0 0-0 10. Kh1 b5 11. Nc6 Qe8 12. Rfd1 Bb7 13. Nxe7+ Qxe7 14. Qxd6 Qxd6 15. Rxd6 b4 16. Bxf6 Nxf6 17. e5 Ne8 18. Rb6 Bxg2+ 19. Kxg2 bxc3 20. bxc3 Nc7 21. c4 a5 22. Rd1 Na6 23. a3 Nc5 24. Rdd6 Ne4 25. Bf3 Nxd6 26. exd6 Rac8 27. Rc6 Rb8 28. c5 Rfd8 29. Ra6 Rb5 30. c6 Rc5 31. c7 Rf8 32. Rc6 1-0